Goblin Tracklist (Tyler, The Creator) - Statistics

General Stats
  • This quiz has been taken 214 times
  • The average score is 10 of 15
Answer Stats
Hint Answer % Correct
1 Goblin
93%
4 She
92%
2 Yonkers
82%
8 Her
80%
7 Tron Cat
80%
5 Transylvania
70%
15 Golden
69%
10 Fish
68%
3 Radicals
68%
6 Nightmare
66%
14 AU79
62%
13 Window
59%
9 Sandwitches
58%
12 B.S.D
54%
11 Analogue
10%
No matching quizzes found
Score Distribution
Percent of People with Each Score
Percentile by Number Answered
Your Score History
You have not taken this quiz